Didáctica general
Na minha lista:
| Autor principal: | |
|---|---|
| Outros Autores: | |
| Formato: | Livro |
| Idioma: | espanhol |
| Publicado em: |
Madrid
Pearson Educación
2002
|
| Colecção: | Colección Didáctica
|
| Assuntos: | |
| Tags: |
Adicionar Tag
Sem tags, seja o primeiro a adicionar uma tag!
|
MARC
| LEADER | 00000nam a2200000 a 4500 | ||
|---|---|---|---|
| 001 | UCL3504 | ||
| 003 | CL-VaPUC | ||
| 008 | 031128e20020000SP |||||||||||||||||spa|d | ||
| 020 | |a 8420534528 | ||
| 082 | 0 | 4 | |a 371.3 |b MED |2 21 |
| 100 | |a Medina Rivilla, Antonio |e autor |9 570679 | ||
| 700 | |a Salvador Mata, Francisco |e autor |9 480795 | ||
| 245 | 1 | 0 | |a Didáctica general |
| 300 | |a 435 p | ||
| 942 | |c BK | ||
| 945 | |d 20031128 00:00:00 |a cmena | ||
| 260 | |a Madrid |b Pearson Educación |c 2002 | ||
| 650 | 0 | |a Métodos de enseñanza |9 270413 | |
| 650 | 0 | |a Planificación de la educación |9 307333 | |
| 650 | 0 | |a Evaluación de la educación |9 237505 | |
| 650 | 0 | |a Rol del docente |9 329733 | |
| 583 | |a last modification |c 20031128 00:00:00 |k Rodrigo Vera | ||
| 490 | 0 | |a Colección Didáctica | |
| 999 | |c 306537 |d 306535 | ||